| 000 | 01189nam a2200229Ia 4500 | ||
|---|---|---|---|
| 001 | L235-46284 | ||
| 003 | IT-CnALBA | ||
| 008 | 170116s9999||||xx |||||||||||||| ||und|| | ||
| 040 |
_aIT-CnALBA _cIT-CnALBA |
||
| 041 | _aITALIANO | ||
| 100 | _aPIRAS GIANPAOLO | ||
| 245 | 0 | _aANTIOCO DI SULCIS. FIGURA LEGGENDARIA DI UN SANTO, DI UN MEDICO E SOPRATTUTTO DI UN UOMO. | |
| 250 | _a1a ed. | ||
| 260 |
_aFIRENZE _bL'AUTORE LIBRI _c1996 [1° Ed.:1996 - Ed.Ling.Originale: 1996] |
||
| 300 | _a83 p. | ||
| 500 | _aILLUSTRAZIONE E NOTA INTRODUTTIVA. NOVEMBRE 125. NOVEMBRE 122. FIGURA DEL SANTO. PRINCIPESSA BERENICE. SEMPLICITÀ, AMORE PER LA VITA. ALTRUISMO. DIFFUSIONE DELLA PAROLA DI DIO. VITA VISSUTA E SACRIFICATA IN NOME DELLA FEDE. | ||
| 501 | _aSocietà San Paolo EM - Piazza San Paolo, 14 - 12051 ALBA (CN) (non commercial uses only) ® Copyright 2017 | ||
| 520 | _aILLUSTRAZIONE E NOTA INTRODUTTIVA. NOVEMBRE 125. NOVEMBRE 122. FIGURA DEL SANTO. PRINCIPESSA BERENICE. SEMPLICITÀ, AMORE PER LA VITA. ALTRUISMO. DIFFUSIONE DELLA PAROLA DI DIO. VITA VISSUTA E SACRIFICATA IN NOME DELLA FEDE. | ||
| 650 | _aMARIA SS. ANGELI SANTI DEMONI | ||
| 942 | _cBK | ||
| 957 | _71 | ||
| 999 |
_a52545 _bNO _g Copie: 1 _c305223 _d305223 |
||